000 00924nam a2200205Ia 4500
999 _c43600
_d43600
003 GCL
005 20240530103935.0
008 140319s9999 xx 000 0 ara d
040 _aGCL /
_cGCL
082 0 4 _a510.9
_bغ ب
100 1 _aابن غازى : ابو عبدالله محمد بن احمد بن محمد بن على العثمانى المكناسى
245 1 0 _aبغية الطلاب فى شرح منية الحساب /
_cابن غازى : ابو عبدالله محمد بن احمد بن محمد بن على العثمانى المكناسى ؛ تحقيق وتقديم محمد سويسى
300 _a323 ص
490 _aمصادر ودراسات فى تاريخ الرياضيات العربية
_v0
650 0 4 _aالعلوم عند العرب
650 0 4 _aالحضارة الاسلامية
650 0 4 _aالحساب - تاريخ
700 1 _aمحمد سويسى
_eمحقق
942 _2ddc
_cBK